100 rappeurs français par albums - Statistiques

Statistiques générales
  • Ce quiz a été pris 8 706 fois
  • Le résultat moyen est 46 sur 100
Statistiques - réponses
Albums connus Rappeur % Correct
My world, Rien100rien, L'ovni Jul
92%
MILS, Destin, Jefe Ninho
92%
Deux frères, Dans la légende, Le monde Chico PNL
92%
Batterie faible, Ipséité, Lithopédion Damso
91%
Polak, Mental, ENNA PLK
90%
Or noir, Le bruit de mon âme, Double Fuck Kaaris
89%
A7, Anarchie, JVLIVS SCH
89%
Ouest Side, Futur, Autopsie Booba
86%
Charo life, Zifukoro, Commando Niska
86%
Feu, Cyborg, Les étoiles vagabondes Nekfeu
85%
Mwaka Moon, Tombolo Kalash
84%
Drill FR, KMT Gazo
83%
Projet Blue Team, LMF Freeze Corleone
79%
Pochon bleu, On est fait pour ça, Best Life Naps
77%
Perdu d'avance, Le chant des sirènes, La fête est finie Orelsan
76%
Zombie Life, 1994, Paradise Hamza
74%
Ocho SDM
74%
NQNT, Agartha, Xeu Vald
74%
L'école du micro d'argent, Ombre est Lumière IAM
73%
Pure, Les derniers salopards Maes
72%
Don dada mixtape, Une main lave l'autre Alpha Wann
71%
Double V, MVP Mister V
69%
En Esprit, Horizon Vertical Heuss L'enfoiré
68%
L'homme au bob, Shegueyvara Gradur
67%
Cicatrices Zola
67%
VII, L'affranchi Koba la D
64%
Corleone, R.I.P.R.O, Force & Honneur Lacrim
64%
C'est Remy, Remy d'Auber Rémy
63%
Bendero Moha La Squale
61%
Jolie garce, Antidote Shay
61%
Oyoki, Sélection naturelle Kalash Criminel
59%
2016-2018, Adios Bahamas Népal
59%
Dans ma bulle Diam's
57%
Empereur du sale, Rien à branler Lorenzo
57%
Capo Dei Capi, Stone, Quartiers nords Alonzo
56%
Etoile Noire Luv Resval
56%
L'écoles des points vitaux, L'apogée Sexion d'assaut
55%
Authentik, Paris sous les bombes, Suprême NTM Suprême NTM
55%
Affranchis, La direction Sofiane
54%
Architecte, Vrai 2 vrai Da Uzi
52%
ERRR La fève
51%
Trix City Diddi Trix
48%
Du rire aux larmes, Gravé dans la roche Sniper
48%
Fenêtre sur rue, Tant qu'on est là Hugo TSR
47%
Cité Blanche, Petit prince Larry
46%
Mauvais Oeil Lunatic
46%
Ténébreuse musique, Les marches de l'empereur Alkpote
45%
La fierté des nôtres, Le code de l'horreur Rohff
45%
Insolent, Rêves de gosse Rk
44%
Mistral, Avec le temps Soso Maness
44%
Heartbreak Life Kaza
43%
Mon coeur avait raison, Ceinture noire Maître GIMS
42%
Johnny Niuum ne meurt jamais, Nique le casino Sadek
42%
BLO 13 Block
41%
Perestroika, Yuri, Vidalo$$a Dosseh
41%
Mes repères, Capital du Crime La Fouine
39%
La cour des grands, La vraie vie, Les autres c'est nous Bigflo & Oli
38%
La colombe et le corbeau, Phoenix Soprano
36%
Trop chaud, Caliente, Arès Timal
36%
Miraculé, Mens Rea Niro
35%
On s'promet, Dans l'arène, Drôle de mentalité Djadja & Dinaz
34%
Mutant, Chef de famille, Fantôme Rim'K
34%
La banquise, Dans ma ruche Guizmo
32%
Fissure de vie So la lune
32%
La source, La suite 1995
31%
Métèque et Mat Akhenaton
31%
La mass avant le bonheur, Sans rêve, On ira où ? DTF
31%
La sans pitax Brulux
30%
Héra, Sacré Georgio
30%
Fruit du démon, Vintage Soolking
30%
Land, Réel Kekra
29%
19, Mansa MHD
28%
La vie est belle Gambi
26%
Si c'était à refaire, à l'ombre du show business Kery James
26%
V, Santé et Bonheur Kofs
26%
Mec de rue, Présumé coupable, Dans ma grotte Mister You
26%
Omega, Mafana Oboy
26%
Prose combat, Cinquième as, Géopoétique MC Solaar
25%
Dieu bénisse Supersound Sneazzy
25%
L'amour est mort, Le cactus de Sibérie Oxmo Puccino
24%
Dans les mains ZKR
24%
Au clair de la rue Benab
22%
Requiem Lino
22%
Don't Panic Tape, Démineur Médine
21%
Enfant de la rue, 2 lions Sasso
20%
Pas ouehda, Avant la fête TK
20%
Affaire de famille, La dictature MZ
19%
Rois sans couronne, Sélection naturelle Nessbeal
19%
L'or des rois, Electron libre, Eureka Hayce Lemsi
18%
Confidences, Vaillants YL
18%
La cerise sur le ghetto Mafia K'1 Fry
16%
4eme dimension, Enfants de la lune, Les Cités d'or Psy4 de la rime
16%
Mode de vie - béton style Le Rat Luciano
15%
Effet miroir, Aigle Royal L'Algérino
13%
La fusée, Galaxia Gambino
11%
Liberta, 2 Lions L'allemand
10%
Délinquant LIM
10%
Entre ciment et belle étoile Keny Arkana
8%
Triste fête AM La Scampia
6%
Comorien corse, Costa Azzurra Thabiti
6%
Aucun quiz correspondant
Distribution des résultats
% des personnes avec chaque résultat
Percentile par nombre de réponses
Votre historique - résultats
Vous n’avez pas pris ce quiz